000 00742cam a22002533a 4500
001 12950
003 PGUSA
005 20140828083259.0
008 040719s2004||||xxu|||||s|||||000 1 eng d
040 _aPGUSA
_beng
042 _adc
050 4 _aPQ
100 1 _aDaudet, Alphonse,
_d1840-1897
245 1 0 _aL'Immortel :
_bMoeurs parisiennes
_h[electronic resource] /
_cAlphonse Daudet
260 _bProject Gutenberg,
_c2004
506 _aPublic domain in the USA.
516 _aElectronic text
653 _aFrance -- Social life and customs -- Fiction
653 _aFrance -- History -- Fiction
653 _aArt -- Fiction
830 0 _aProject Gutenberg
_v12950
856 4 0 _uhttp://www.gutenberg.org/ebooks/12950
942 _cEB
999 _c242205
_d242205